Discursos pronunciados en la Real Academia Nacional de Madicina (Record no. 170504)

MARC details
000 -LEADER
campo de control de longitud fija 01610nam a2200181 i 4500
001 - NÚMERO DE CONTROL
campo de control 170504
003 - IDENTIFICADOR DE NÚMERO DE CONTROL
campo de control ES-MaACL
005 - FECHA Y HORA DE LA ÚLTIMA TRANSACCIÓN
campo de control 20230907160838.0
008 - DATOS DE LONGITUD FIJA--INFORMACIÓN GENERAL
campo de control de longitud fija 090311s19181923sp |||| | spa d
110 2# - ENTRADA PRINCIPAL--NOMBRE DE ENTIDAD CORPORATIVA
Nombre de entidad corporativa o nombre de jurisdicción como elemento de entrada Real Academia Nacional de Medicina (España)
9 (RLIN) 6344
245 10 - MENCIÓN DEL TÍTULO
Título Discursos pronunciados en la Real Academia Nacional de Madicina
Resto del título : 1919-1921.
260 ## - PUBLICACIÓN, DISTRIBUCIÓN, ETC.
Lugar de publicación, distribución, etc. Madrid :
Nombre del editor, distribuidor, etc. [s.n.],
Fecha de publicación, distribución, etc. 1918 (
Lugar de fabricación/manufactura Madrid :
Fabricante Imp. Enrique Teodoro)
300 ## - DESCRIPCIÓN FÍSICA
Extensión 1 v. ;
Dimensiones 27 cm.
505 8# - NOTA DE CONTENIDO CON FORMATO
Nota de contenido con formato Contiene: Profilaxis de las enfermedades orico-valvulares del corazón / Antonio Simonena y Zabalegui (143 p. + 1h. de gráf.pleg.). Discurso.../ Amalio Gimeno y Cabañas (p. 145- 170). El suicidio, enfermedad social y su tratamiento / Ricardo Pérez Valdés (44 p.). Discurso.../ Carlos María Cortezo (p. 45-58). Estado actual de la doctrina de las secreciones internas / Gregorio Marañón y Pasadillo (111 p.). contestación.../ Gustavo Pittaluga (p. 113-151). Farmacología de las preparaciones galénicas activas de origen vegetal / Manuel Álvarez Ude (74 p.). Contestación.../ Matín Bayod y Martínez (p. 75-87). Patogenia de la úlcera gástrica y duodenal / Teófilo Hernando y Ortega (53 p.). Contestación.../ Manuel Márquez (p. 55-74). La subconciencia / Rafael del Valle y Aldabalde (80 p.). Contestación.../ Ricardo Pérez Valdés (p. 82-105). Ensayos de rejuvenecimiento / León Cardenal y Pujals (67 p.). Algo de estética de la piel / Vicente Gimeno y Rodríguez-Jaén (63 p.). Contestación.../ Ángel Pulido (p. 65-84).
852 ## - LOCALIZACIÓN
Ubicación ES-MaACL
itemnumber 177120
Número de control de estantería K-115
942 ## - ELEMENTOS DE ENTRADA SECUNDARIOS (KOHA)
Fuente del sistema de clasificación o colocación Clasificación decimal universal
Holdings
Estatus retirado Estado de pérdida Estado de daño No para préstamo Biblioteca de origen Biblioteca actual Ubicación en estantería Fecha de adquisición Total de préstamos Signatura topográfica completa Código de barras Visto por última vez Precio de reemplazo Tipo de ítem Koha
        Biblioteca del Ateneo de Madrid Biblioteca del Ateneo de Madrid Administración 11/03/2009   K-115 1178947 23/02/2023 23/02/2023 Libro impreso